DIVUS THOMAS. COMMENTARIUM DE PHILOSOPHIA ET THEOLOGIA. ANNO XLI (1938). (Record no. 328329)

MARC details
000 -LEADER
fixed length control field 01625nas a2200277Ia 4500
001 - CONTROL NUMBER
control field R050-R9736
003 - CONTROL NUMBER IDENTIFIER
control field IT-CnALBA
008 - FIXED-LENGTH DATA ELEMENTS--GENERAL INFORMATION
fixed length control field 170116c99999999xx |||||||||||| ||und||
040 ## - CATALOGING SOURCE
Original cataloging agency IT-CnALBA
Transcribing agency IT-CnALBA
041 ## - LANGUAGE CODE
Language code of text/sound track or separate title ITALIANO
999 ## - SYSTEM CONTROL NUMBERS (KOHA)
Koha Dewey Subclass [OBSOLETE] SI
100 ## - MAIN ENTRY--PERSONAL NAME
Personal name BARDESSONO P. B.
210 ## - ABBREVIATED TITLE
Abbreviated title DIVUS THOMAS
222 ## - KEY TITLE
Key title DIVUS THOMAS
245 #0 - TITLE STATEMENT
Title DIVUS THOMAS. COMMENTARIUM DE PHILOSOPHIA ET THEOLOGIA. ANNO XLI (1938).
250 ## - EDITION STATEMENT
Edition statement 1a ed.
260 ## - PUBLICATION, DISTRIBUTION, ETC. (IMPRINT)
Place of publication, distribution, etc. PIACENZA
Name of publisher, distributor, etc. COLLEGIO ALBERONI
Date of publication, distribution, etc. 1938 [1° Ed.:1938 - Ed.Ling.Originale: 1938]
300 ## - PHYSICAL DESCRIPTION
Extent 648 p.
310 ## - CURRENT PUBLICATION FREQUENCY
Current publication frequency TRIMESTRALE
362 ## - DATES OF PUBLICATION AND/OR SEQUENTIAL DESIGNATION
Dates of publication and/or sequential designation (1938)
500 ## - GENERAL NOTE
General note COMMENTO DI FILOSOFIA E TEOLOGIA. ANTITESI DI PECCATO E REDENZIONE. SINTESI DELLA SALVEZZA IN S. GIOVANNI. REALISMO TOMISTA. XII CONGRESSO NAZIONALE DI FILOSOFIA, NAPOLI SETTEMBRE 1937, ROSSI A. NOTE DI CRITICA TESTUALE TOMISTA. DISSERTAZIONI. NOTE DISPUTE. GIUDIZIO SULLE OPERE. NOTE BIBLIOGRAFICHE. RECENSIONI GIORNALI SUI PADRI E SCRITTORI ECCLESIASTICI. FILOSOFI, QUESTIONI DOGMATICHE. ARGOMENTI.
501 ## - WITH NOTE
With note Società San Paolo EM - Piazza San Paolo, 14 - 12051 ALBA (CN) (non commercial uses only) ® Copyright 2017
520 ## - SUMMARY, ETC.
Summary, etc. COMMENTO DI FILOSOFIA E TEOLOGIA. ANTITESI DI PECCATO E REDENZIONE. SINTESI DELLA SALVEZZA IN S. GIOVANNI. REALISMO TOMISTA. XII CONGRESSO NAZIONALE DI FILOSOFIA, NAPOLI SETTEMBRE 1937, ROSSI A. NOTE DI CRITICA TESTUALE TOMISTA. DISSERTAZIONI. NOTE DISPUTE. GIUDIZIO SULLE OPERE. NOTE BIBLIOGRAFICHE. RECENSIONI GIORNALI SUI PADRI E SCRITTORI ECCLESIASTICI. FILOSOFI, QUESTIONI DOGMATICHE. ARGOMENTI.
650 ## - SUBJECT ADDED ENTRY--TOPICAL TERM
Topical term or geographic name as entry element TEOLOGIA - FILOSOFIA
942 ## - ADDED ENTRY ELEMENTS (KOHA)
Koha item type RIVISTA
957 ## -
-- 1
999 ## - SYSTEM CONTROL NUMBERS (KOHA)
-- 1
Holdings
Withdrawn status Lost status Damaged status Not for loan Home library Current library Date acquired Total Checkouts Full call number Date last seen Price effective from Koha item type Public note
    Buone Condizioni Not For Loan ALBA - Biblioteca ALBA - Biblioteca 16/01/2017   R050-R9736 16/01/2017 16/01/2017 RIVISTA (data import: 16 gennaio 2017) - By Epidotti, Vaglietti.
CREDITS: SOCIETA' SAN PAOLO Via A.Severo, 58 - ROMA (RM) & PERIODICI SAN PAOLO SRL Via Giotto, 36 MILANO & CISF Via Giotto, 36 MILANO & EDIZIONI SAN PAOLO SRL,  Piazza Soncino, 5 CINISELLO BALSAMO (MI) -- ITALY